Cultural diversity: Common heritage, plural identities/ Coordination and revision Michele Garzon. (Record no. 138280)
[ view plain ]
| 000 -CABECERA | |
|---|---|
| campo de control de longitud fija | 00723nam a2200205 a 4500 |
| 005 - FECHA Y HORA DE LA ÚLTIMA TRANSACCIÓN | |
| campo de control | 20250627063841.0 |
| 008 - ELEMENTOS DE LONGITUD FIJA--INFORMACIÓN GENERAL | |
| campo de control de longitud fija | 081109s2000 mx r 000 0 spa d |
| 035 ## - NÚMERO DE CONTROL DEL SISTEMA | |
| Número de control de sistema | UPN01000166168 |
| 049 ## - COLECCIÓN | |
| Colección | UNE |
| 080 ## - NÚMERO DE CLASIFICACIÓN DECIMAL UNIVERSAL | |
| Número de la Clasificación Decimal Universal | 7.025 (100) =20 "2002" CUL. |
| 245 00 - MENCIÓN DE TÍTULO | |
| Título | Cultural diversity: Common heritage, plural identities/ Coordination and revision Michele Garzon. |
| 260 ## - PUBLICACIÓN, DISTRIBUCIÓN, ETC. | |
| Lugar de publicación, distribución, etc. | Paris: UNESCO, 2002. |
| 300 ## - DESCRIPCIÓN FÍSICA | |
| Extensión | 112 p.; 28 cm. il., map., retrs. |
| 500 ## - NOTA GENERAL | |
| Nota general | UNESCO Universal Declaration on Cultural Diversity Universal Declaration of Human Rights |
| 690 ## - PUNTO DE ACCESO ADICIONAL DE MATERIA LOCAL--TÉRMINO DE MATERIA (OCLC, RLIN) | |
| Término de materia o nombre geográfico como elemento inicial | Patrimonio cultural |
| 9 (RLIN) | 19284 |
| 690 ## - PUNTO DE ACCESO ADICIONAL DE MATERIA LOCAL--TÉRMINO DE MATERIA (OCLC, RLIN) | |
| Término de materia o nombre geográfico como elemento inicial | Pluralismo intercultural |
| 9 (RLIN) | 1176 |
| 690 ## - PUNTO DE ACCESO ADICIONAL DE MATERIA LOCAL--TÉRMINO DE MATERIA (OCLC, RLIN) | |
| Término de materia o nombre geográfico como elemento inicial | Exposiciones culturales |
| 690 ## - PUNTO DE ACCESO ADICIONAL DE MATERIA LOCAL--TÉRMINO DE MATERIA (OCLC, RLIN) | |
| Término de materia o nombre geográfico como elemento inicial | Cultura de paz |
| 905 ## - TIPO DE MATERIAL | |
| Tipo de material | UNESCO |
No items available.
